000 00636nam a2200217Ia 4500
005 20230217095851.0
008 131103s9999 xx 000 0 und d
020 _a0 393 09304 2 (pbk ed)
040 _aLoreto College
041 _aEnglish
082 _a820.8
_bABR
245 4 _aThe Norton anthology of English literature
_cEdited by M. H. Abrams ...[et al.]
250 _a3rd ed.
260 _aNew York
_bW. W. Norton & Co.
_c1974
300 _a2 v.
504 _aIncludes bibliographical references and index
650 _aEnglish Literature - collections
700 _aAdrams,M. H., ed.
850 _aLCLIB
942 _cBK
999 _c1609
_d52088